<?xml version="1.0" encoding="UTF-8"?>
<record
    xmlns:xsi="http://www.w3.org/2001/XMLSchema-instance"
    xsi:schemaLocation="http://www.loc.gov/MARC21/slim http://www.loc.gov/standards/marcxml/schema/MARC21slim.xsd"
    xmlns="http://www.loc.gov/MARC21/slim">

  <leader>01571naa a2200241 i 4500</leader>
  <controlfield tag="001">741</controlfield>
  <controlfield tag="003">KOSZ 005</controlfield>
  <controlfield tag="005">20180428085524.0</controlfield>
  <controlfield tag="008">140223s2007    pl     f     |100 0 pol</controlfield>
  <datafield tag="040" ind1=" " ind2=" ">
    <subfield code="c">BPK</subfield>
    <subfield code="d">KOSZ 005/EG</subfield>
  </datafield>
  <datafield tag="041" ind1=" " ind2=" ">
    <subfield code="a">pl</subfield>
  </datafield>
  <datafield tag="080" ind1=" " ind2=" ">
    <subfield code="a">621.43</subfield>
  </datafield>
  <datafield tag="100" ind1="1" ind2=" ">
    <subfield code="a">PI&#x104;TKOWSKI, Piotr.</subfield>
    <subfield code="d">2000 - .</subfield>
    <subfield code="b">Politechnika Koszali&#x144;ska - Wydzia&#x142; Mechaniczny,</subfield>
    <subfield code="c">Katedra Mechaniki Precyzyjnej</subfield>
  </datafield>
  <datafield tag="245" ind1="1" ind2="0">
    <subfield code="a">Model obliczeniowy do symulacji pracy czterosuwowego t&#x142;okowego silnika spalinowego z zap&#x142;onem iskrowym /</subfield>
    <subfield code="c">Piotr Pi&#x105;tkowski, Marian Lema&#x144;ski, Tadeusz Bohdal.</subfield>
  </datafield>
  <datafield tag="500" ind1=" " ind2=" ">
    <subfield code="a">Dane z autopsji.</subfield>
  </datafield>
  <datafield tag="520" ind1=" " ind2=" ">
    <subfield code="a">W pracy przedstawiono model obliczeniowy s&#x142;u&#x17C;&#x105;cy do symulacji pracy czterosuwowego, t&#x142;okowego silnika spalinowego z zap&#x142;onem iskrowym, zasilanego mieszank&#x105; propan-butan. Zawarto w nim tak&#x17C;e informacje o mo&#x17C;liwo&#x15B;ci podanej aplikacji i jej praktycznego wykorzystania. Przedstawiono przyk&#x142;adowe wyniki oblicze&#x144; dotycz&#x105;ce zale&#x17C;no&#x15B;ci parametr&#xF3;w pracy silnika od pr&#x119;dko&#x15B;ci obrotowej wa&#x142;u korbowego.</subfield>
  </datafield>
  <datafield tag="650" ind1=" " ind2="0">
    <subfield code="a">Silniki.</subfield>
  </datafield>
  <datafield tag="655" ind1=" " ind2="0">
    <subfield code="a">Materia&#x142;y konferencyjne.</subfield>
  </datafield>
  <datafield tag="700" ind1="1" ind2=" ">
    <subfield code="a">BOHDAL, Tadeusz.</subfield>
    <subfield code="d">1996 -  .</subfield>
    <subfield code="b">Politechnika Koszali&#x144;ska - Wydzia&#x142; Mechaniczny,</subfield>
    <subfield code="c">Katedra Techniki Cieplnej i Ch&#x142;odnictwa</subfield>
  </datafield>
  <datafield tag="711" ind1="2" ind2="2">
    <subfield code="a">Sympozjum Wymiany Ciep&#x142;a i Masy</subfield>
    <subfield code="n">(13 ;</subfield>
    <subfield code="d">2007 ;</subfield>
    <subfield code="c">Koszalin - Dar&#x142;&#xF3;wko, Polska).</subfield>
  </datafield>
  <datafield tag="773" ind1="0" ind2=" ">
    <subfield code="i">W :</subfield>
    <subfield code="t">XIII Sympozjum Wymiany Ciep&#x142;a i Masy : Koszalin - Dar&#x142;&#xF3;wko, 03-06 wrze&#x15B;nia 2007. T. 2 / red. Henryk Charun. -</subfield>
    <subfield code="d">Koszalin : Wydaw. Uczelniane Politechniki Koszali&#x144;skiej, 2007. -</subfield>
    <subfield code="g">s. 785-794</subfield>
  </datafield>
  <datafield tag="942" ind1=" " ind2=" ">
    <subfield code="c">ROZ</subfield>
    <subfield code="2">UKD</subfield>
  </datafield>
  <datafield tag="999" ind1=" " ind2=" ">
    <subfield code="c">741</subfield>
    <subfield code="d">741</subfield>
  </datafield>
  <datafield tag="952" ind1=" " ind2=" ">
    <subfield code="0">0</subfield>
    <subfield code="1">0</subfield>
    <subfield code="4">0</subfield>
    <subfield code="7">0</subfield>
    <subfield code="a">BPK</subfield>
    <subfield code="b">BPK</subfield>
    <subfield code="o">85471</subfield>
    <subfield code="y">ROZ</subfield>
  </datafield>
</record>
